table des 26 - Statistiques

Statistiques générales
  • Ce quiz a été pris 8 fois
  • Le résultat moyen est 54 sur 69
Statistiques - réponses
26 x .. = % Correct
51 1326
100%
39 1014
83%
41 1066
83%
42 1092
83%
43 1118
83%
44 1144
83%
45 1170
83%
46 1196
83%
47 1222
83%
48 1248
83%
49 1274
83%
52 1352
83%
53 1378
83%
54 1404
83%
55 1430
83%
56 1456
83%
57 1482
83%
58 1508
83%
59 1534
83%
61 1586
83%
62 1612
83%
63 1638
83%
64 1664
83%
65 1690
83%
66 1716
83%
67 1742
83%
68 1768
83%
69 1794
83%
71 1846
83%
72 1872
83%
23 598
83%
24 624
83%
25 650
83%
27 702
83%
28 728
83%
29 754
83%
31 806
83%
32 832
83%
33 858
83%
34 884
83%
35 910
83%
36 936
83%
37 962
83%
38 988
83%
73 1898
67%
74 1924
67%
75 1950
67%
76 1976
67%
77 2002
67%
78 2028
67%
79 2054
67%
81 2106
67%
82 2132
67%
83 2158
67%
84 2184
67%
85 2210
67%
86 2236
67%
87 2262
67%
88 2288
67%
89 2314
67%
91 2366
67%
92 2392
67%
93 2418
67%
94 2444
67%
95 2470
67%
96 2496
67%
97 2522
67%
98 2548
67%
99 2574
67%
Aucun quiz correspondant
Distribution des résultats
% des personnes avec chaque résultat
Percentile par nombre de réponses
Votre historique - résultats
Vous n’avez pas pris ce quiz